| 000 | 00944cam a2200277 a 4500 | ||
|---|---|---|---|
| 999 |
_c7150 _d7150 |
||
| 001 | 37567170 | ||
| 003 | OCoLC | ||
| 005 | 20190122205818.0 | ||
| 008 | 970808s1998 enka bf 001 0 eng | ||
| 010 | _a97029324 | ||
| 015 | _aGB98-66769 | ||
| 020 | _a3540762035 (pbk. : alk. paper) | ||
| 040 |
_aDLC _cDLC _dUKM _dOHX _dOCL _dCIN |
||
| 050 | 0 | 0 |
_aQB63 _b.K47 1998 |
| 072 | 7 |
_aQB _2lcco |
|
| 082 | 0 | 0 |
_a523.8 _221 _bK62p |
| 100 | 1 |
_aKitchin, C. R. _q(Christopher R.) |
|
| 245 | 1 | 0 |
_aPhoto-guide to the constellations : _ba self-teaching guide to finding your way around the heavens / _cChris Kitchin |
| 260 |
_aLondon ; _aNew York : _bSpringer, _cc1998 |
||
| 300 |
_ax, 149 p. : _bill. ; _c25 cm |
||
| 440 | 0 | _aPractical astronomy | |
| 504 | _aIncludes bibliographical references (p. 143-144) and index | ||
| 650 | 0 |
_aConstellations _vObservers' manuals |
|
| 650 | 0 |
_aConstellations _xPictorial works _vHandbooks, manuals, etc |
|
| 942 |
_2ddc _cBK |
||